V akci Interbrig II. /
Kniha V akci Interbrig II. pokračuje v popisu událostí po "Sametové revoluci". Zavádí nás do doby. ve které nedošlo k očekávané mravní očistě společnosti a kdy pokračuje divoká privatizace.
Uloženo v:
| Hlavní autor: | |
|---|---|
| Médium: | E-kniha |
| Jazyk: | Czech |
| Vydáno: |
Praha :
E-knihy jedou,
2019
|
| Tagy: |
Žádné tagy |
| LEADER | 01155nam a22002297i 4500 | ||
|---|---|---|---|
| 001 | 311112 | ||
| 007 | ta | ||
| 008 | 260601s2019 xr ||||| |||| 00| 0 cze d | ||
| 020 | |a 9990002025679 | ||
| 044 | |a xr | ||
| 100 | 1 | |a Kocian, Jiljí |4 aut | |
| 245 | 1 | 0 | |a V akci Interbrig II. / |c Kocian, Jiljí |
| 264 | 1 | |a Praha : |b E-knihy jedou, |c 2019 | |
| 300 | |a 1 online zdroj (133 stran) | ||
| 336 | |a text |b txt |2 rdacontent | ||
| 337 | |a bez média |b n |2 rdamedia | ||
| 338 | |a online zdroj |b cr |2 rdacarrier | ||
| 520 | 2 | |a Kniha V akci Interbrig II. pokračuje v popisu událostí po "Sametové revoluci". Zavádí nás do doby. ve které nedošlo k očekávané mravní očistě společnosti a kdy pokračuje divoká privatizace. | |
| 910 | |a RBIT002 | ||
| 998 | |d 202567 |a https://core.palmknihy.cz/api/books/202567/cover?q0x1t8 |b https://core.palmknihy.cz/api/books/202567/cover/400?q0x1t8 |c https://core.palmknihy.cz/api/books/202567/cover/50?q0x1t8 |e |g 133 |i 9990002025679 |j https://core.palmknihy.cz/api/books/202567/preview.epub |k https://core.palmknihy.cz/api/books/202567/preview.pdf |l |q 49 |r 1 |s https://www.palmknihy.cz/kniha/202567 |t ebook |y 2019 |z 1 | ||
| 999 | |d 311110 | ||